00569 2200205 4500001002100000005001500021035002000036007000300056008004100059020002200100082000800122084001400130100001600144245004200160250001100202260003200213300003300245650006900278990001600347INLIS00000000000203820260223110233 a0010-0226000048ta260223 g 0 ind  a978-979-1102-29-2 a813 a813 LIA f0 aLia Heliana1 aFrom Kitchen with Love /cLia Heliana aCet. 1 aJakarta :bRepublika,c2008 avi + 143 :b- ;c20,5 + 13,5 aPersoalan hidup, penyelesaian masalah, dan kehidupan sehari-hari a00000016213